Quiz o Gagauzji - Statystyki

Ogólne statystyki
  • Ten quiz został rozwiązany 16 razy
  • Średni wynik to 10 z 20
Statystyki odpowiedzi
Pytanie Odpowiedź % Poprawnych
Na terenie jakiego państwa znajduje się teren Gagauzji? Mołdawia
92%
Kolory na fladze Biały
77%
Kolory na fladze Czerwony
77%
Czy jakikolwiek kraj na świece uznaje niepodległość Gagauzji? Nie
77%
Kolory na fladze Niebieski
77%
Języki urzędowe (podaj 1) Rumuński | Rosyjski | Gagauski
77%
Kolory na fladze Żółty
77%
Państwa sąsiadujące z Gagauzją (nie licząc Mołdawii) Ukraina
69%
Ile procent (około) terytorium Mołdawii zajmuje Gagauzja? 5
62%
Główne grupy etniczne oprócz Gagauzów oraz Mołdawian (podaj 1) (pisz np. Polacy a nie Polska) Bułgarzy | Rosjanie | Ukraińcy
62%
Dwa państwa nieuznawane, które uznaje Gagauzja Osetia Południowa
54%
Rok proklamacji Socjalistycznej Radzieckiej Republiki Gagauzji 1990
46%
Dwa państwa nieuznawane, które uznaje Gagauzja Abchazja
46%
Siedziba Komrat
31%
Status w państwie na którego terytorium znajduje się Gagauzja Region Autonomiczny
15%
Powierzchnia regionu w km2 1832
8%
Nazwa hymnu po polsku Nasz Kraj
8%
Nazwa organizacji zrzeszającej polaków w Gagauzji, bo polskiego akcentu zabraknąć nie mogło ;) Stowarzyszenie Polaków w Gagauzji
8%
Nazwa batalionu Gagauskiego powstałego w 1991 roku po aresztowaniu dwóch przywódców Gagauzji składającego się z ok. 400 ochotników Budziak
0%
Zarządzający (dane na wrzesień 2023) Irina Vlach
0%
Nie znaleziono quizów pasujących do podanych kryteriów
Rozkład punktacji
Procent ludzi z każdym wynikiem
Percentyl według liczby udzielonych odpowiedzi
Twoja historia wyników
Nie rozwiązałeś tego quizu